000 00547nam a2200181Ia 4500
003 GCL
008 140319s9999 xx 000 0 ara d
040 _aGCL /
_cGCL
082 0 4 _a001.4
_bم ا
100 1 _aمحمد محمد الهادى
245 1 0 _aاساليب واعداد وتوثيق البحوث العلمية /
_cمحمد محمد الهادى
260 _a[S.N] :
_bالمكتبة الاكاديمية ،
_c1995
300 _a415 ص
490 _a
650 0 4 _aطرق البحث
650 0 4 _aالتوثيق
942 _2ddc
_cBK
999 _c36900
_d36900